Biggest Cities in Turkey on a Map - Statistics

General Stats
  • This quiz has been taken 20,685 times
  • The average score is 11 of 20
Answers on the Map
Answers color-coded by a green-red scale on the quiz's map according to % correct below.
 
Answer Stats
Population City % Correct
15.1 m Istanbul
100%
5.04 m Ankara
99%
2.96 m İzmir
91%
1.24 m Antalya
79%
1.97 m Bursa
67%
1.74 m Adana
59%
1.30 m Konya
59%
1.67 m Gaziantep
56%
497 k Van
52%
617 k Samsun
48%
996 k Mersin
45%
1.04 m Diyarbakır
41%
955 k Kayseri
40%
765 k Eskişehir
39%
577 k Şanlıurfa
37%
623 k Denizli
35%
538 k Kahramanmaraş
31%
475 k Malatya
31%
525 k Adapazarı
27%
708 k Gebze
25%
No matching quizzes found
Score Distribution
Percent of People with Each Score
Percentile by Number Answered
Your Score History
You have not taken this quiz